000 00942nam a2200217Ia 4500
005 20251215152031.0
008 250219s9999||||xx |||||||||||||| ||und||
100 _aدهينة، محمد رضوان
245 0 _aتسيير المنشآت الرياضية في ظل العولمة و إنعكاساتها على الأداء الرياضي للنخبة الوطنية
260 _aالجزائر
_c2016
300 _a400 و.
_c30 سم.
502 _aدكتوراه
502 _cمعهد التربية البدنية و الرياضية، جامعة الجزائر 3
653 _aالأداء الرياضي
653 _aالعولمة
653 _aتسيير المنشآت
700 _aبن عكي, محند آكلي
710 _aمعهد التربية البدنية و الرياضية، جامعة الجزائر 3
856 _uhttps://dspace.univ-alger3.dz/jspui/handle/123456789/9402
942 _cأطروحات
999 _c14492
_d14492